000 00341nam a2200157Ia 4500
003 OSt
005 20231121110440.0
008 170524s9999 xx 000 0 und d
020 _a8174763899
040 _cIIMT
100 _aDevinder Kumar's
245 0 _akebabs- Chutanys & breads
260 _bUBSBD
260 _c2001
942 _2ddc
_c02
999 _c6893
_d6893